[Event "SR 3. liga A2 2008/2009"]
[Site "?"]
[Date "2008.11.16"]
[Round "2.4"]
[White "Kocak, Branislav"]
[Black "Lopatievov, Alexander"]
[Result "1/2-1/2"]
[WhiteElo "1896"]
[BlackElo "2020"]
[PlyCount "60"]
[EventDate "2008.??.??"]

1. d4 e6 2. c4 Nf6 3. Nf3 b6 4. Nc3 Bb7 5. e3 d5 6. Bd3 c6 7. O-O Bd6 8. Re1
O-O 9. e4 dxe4 10. Nxe4 Nxe4 11. Bxe4 Nd7 12. a3 a5 13. Bg5 Qc7 14. Rc1 c5 15.
d5 Rae8 16. dxe6 Bxe4 17. Rxe4 Rxe6 18. Qd5 Rxe4 19. Qxe4 h6 20. Bh4 Ne5 21.
Bg3 Nxf3+ 22. Qxf3 Bxg3 23. hxg3 Qe5 24. Qb3 Qe6 25. Qd3 Qf6 26. Rb1 Rd8 27.
Qe2 Qd4 28. b4 axb4 29. axb4 cxb4 30. Rxb4 Rc8 1/2-1/2

[Event "SR 3. liga A2 2008/2009"]
[Site "?"]
[Date "2008.11.16"]
[Round "2.5"]
[White "Kozinka, Roman"]
[Black "Brunovsky, Peter"]
[Result "1-0"]
[WhiteElo "2012"]
[BlackElo "1753"]
[PlyCount "75"]
[EventDate "2008.??.??"]

1. e4 c6 2. d4 d5 3. Nc3 dxe4 4. Nxe4 Nf6 5. Nxf6+ gxf6 6. Nf3 Bg4 7. Be2 e6 8.
h3 Bf5 9. Nh4 Bg6 10. Nxg6 hxg6 11. c3 Bd6 12. Bd2 Nd7 13. c4 Qc7 14. Qa4 Bf4
15. Ba5 b6 16. Bc3 O-O 17. Bf3 Rac8 18. g3 Bh6 19. O-O Rfe8 20. Rad1 f5 21. Bg2
Bg5 22. Qc2 b5 23. b3 a5 24. Qe2 b4 25. Bb2 Bf6 26. Bc1 Bg7 27. Bf4 Qb6 28. Qd2
Nf6 29. Rfe1 Rcd8 30. Be5 Nd7 31. Bxg7 Kxg7 32. Qf4 Qb8 33. Bxc6 Qxf4 34. gxf4
Rh8 35. d5 Nb8 36. Bb5 Rxh3 37. dxe6 Rdh8 38. e7 1-0

[Event "SR 3. liga A2 2008/2009"]
[Site "?"]
[Date "2008.11.16"]
[Round "2.6"]
[White "Zajicek, Ferdinand"]
[Black "Zarecky, Eduard"]
[Result "1/2-1/2"]
[WhiteElo "1946"]
[BlackElo "1948"]
[PlyCount "80"]
[EventDate "2008.??.??"]

1. e4 e5 2. Nf3 d6 3. Nc3 Nc6 4. Bc4 Na5 5. Be2 Nf6 6. d4 exd4 7. Nxd4 Be7 8.
O-O O-O 9. Be3 Bd7 10. Nf3 Ng4 11. Qd2 Nxe3 12. Qxe3 Bf6 13. Qd2 b6 14. Rab1 g6
15. Rfd1 Be6 16. Nd5 Bg7 17. b4 Nb7 18. Ba6 Rb8 19. Nd4 Bd7 20. Nc3 Qf6 21.
Ncb5 c6 22. Nxa7 Nd8 23. b5 Ra8 24. Naxc6 Bxc6 25. Nxc6 Nxc6 26. Bb7 Rxa2 27.
Bxc6 Rd8 28. Qd3 Qc3 29. Qxc3 Bxc3 30. Rd3 Rxc2 31. Rbd1 Kf8 32. f4 f6 33. Rxd6
Rxd6 34. Rxd6 Rd2 35. Rxd2 Bxd2 36. g3 g5 37. fxg5 Bxg5 38. Kg2 Ke7 39. Kf3 Ke6
40. Kg4 h6 1/2-1/2

[Event "SR 3. liga A2 2008/2009"]
[Site "?"]
[Date "2008.11.16"]
[Round "2.7"]
[White "Mackovic, Miroslav"]
[Black "Kastler, Peter"]
[Result "1-0"]
[WhiteElo "1972"]
[BlackElo "1690"]
[PlyCount "63"]
[EventDate "2008.??.??"]

1. e4 e5 2. Nf3 Nf6 3. Nxe5 d6 4. Nf3 Nxe4 5. d4 d5 6. Bd3 Be7 7. O-O O-O 8.
Re1 f5 9. c4 c6 10. cxd5 cxd5 11. Qb3 Kh8 12. Nc3 Nxc3 13. bxc3 b6 14. Re5 Bf6
15. Rxd5 Qc7 16. Bxf5 Bb7 17. Rb5 Bc6 18. Rb4 Be7 19. Rc4 Rxf5 20. Ne5 Bd6 21.
f4 Bxe5 22. dxe5 Nd7 23. Qc2 Rff8 24. Ba3 Rfe8 25. Rd1 Qb7 26. Rd6 Rac8 27. Qd2
Nf8 28. f5 Qa8 29. e6 Red8 30. Rcxc6 Rxd6 31. Rxd6 Re8 32. e7 1-0

[Event "SR 3. liga A2 2008/2009"]
[Site "?"]
[Date "2008.11.16"]
[Round "2.8"]
[White "Valla, Tomas"]
[Black "Kozinka, Jan"]
[Result "1-0"]
[WhiteElo "1350"]
[BlackElo "1767"]
[PlyCount "85"]
[EventDate "2008.??.??"]

1. e4 c5 2. c3 Nc6 3. d4 cxd4 4. cxd4 e6 5. Nc3 d5 6. e5 Bb4 7. Nf3 Nge7 8. Bd3
Qb6 9. Be3 Nf5 10. Bxf5 Bxc3+ 11. bxc3 exf5 12. O-O h6 13. Rb1 Qc7 14. Qb3 Ne7
15. Rfc1 b6 16. c4 Qd7 17. c5 bxc5 18. Rxc5 Ba6 19. Qa3 Be2 20. Rbc1 Rc8 21.
Nd2 O-O 22. Rxc8 Rxc8 23. Rxc8+ Nxc8 24. Nb3 Nb6 25. Qb4 Bb5 26. Nc5 Qc6 27. h4
a6 28. g3 Be2 29. a4 Nc4 30. Qb8+ Kh7 31. Qb7 Qxb7 32. Nxb7 Nxe3 33. fxe3 Kg8
34. Kf2 Bc4 35. Nd6 Bd3 36. Ke1 Bc2 37. a5 g6 38. Kd2 Ba4 39. Kc3 Kf8 40. Kb4
Bc2 41. Kc5 Bb3 42. Nc8 Ke8 43. Kd6 1-0

[Event "SR 3. liga A2 2008/2009"]
[Site "?"]
[Date "2008.11.16"]
[Round "2.1"]
[White "Schmikli, Laszlo"]
[Black "Horak, Ivan"]
[Result "1/2-1/2"]
[WhiteElo "2236"]
[BlackElo "2138"]
[PlyCount "49"]
[EventDate "2008.??.??"]

1. e4 c5 2. c3 d5 3. exd5 Qxd5 4. Nf3 Nc6 5. Na3 Bg4 6. Be2 Nf6 7. d4 e6 8. h3
Bxf3 9. Bxf3 Qd7 10. Nc2 cxd4 11. cxd4 Be7 12. O-O O-O 13. Qd3 Ne5 14. Qe2
Nxf3+ 15. Qxf3 Rac8 16. Qe2 Qc6 17. Ne1 Qc4 18. Qxc4 Rxc4 19. Be3 Nd5 20. Nd3
Rfc8 21. Rfc1 Nxe3 22. fxe3 f5 23. Rxc4 Rxc4 24. Rc1 Rxc1+ 25. Nxc1 1/2-1/2

[Event "SR 3. liga A2 2008/2009"]
[Site "?"]
[Date "2008.11.16"]
[Round "2.2"]
[White "Kovarik, Oto"]
[Black "Ress, Tamas"]
[Result "0-1"]
[WhiteElo "2052"]
[BlackElo "2152"]
[PlyCount "28"]
[EventDate "2008.??.??"]

1. e4 Nc6 2. d4 d5 3. exd5 Qxd5 4. Nf3 Bg4 5. Be2 O-O-O 6. c3 Nf6 7. O-O Qh5 8.
Bf4 e5 9. h3 exf4 10. hxg4 Nxg4 11. Nbd2 f5 12. Bd3 Rd6 13. Qc2 Rh6 14. Bxf5+
Kb8 0-1

[Event "SR 3. liga A2 2008/2009"]
[Site "?"]
[Date "2008.11.16"]
[Round "2.3"]
[White "Ivan, Imrich ml"]
[Black "Sefcik, Marek"]
[Result "1-0"]
[WhiteElo "2049"]
[BlackElo "1997"]
[PlyCount "83"]
[EventDate "2008.??.??"]

1. Nf3 d6 2. d4 Nc6 3. d5 Ne5 4. Nxe5 dxe5 5. c4 e6 6. e4 Nf6 7. Bg5 h6 8. Bxf6
Qxf6 9. Bd3 exd5 10. exd5 Qg5 11. O-O Bd6 12. Nc3 Bh3 13. Qf3 Bg4 14. Qe3 Qxe3
15. fxe3 O-O 16. h3 Bd7 17. e4 a6 18. Rf3 g6 19. g4 f6 20. a3 Kg7 21. b4 b6 22.
Bc2 a5 23. b5 Rh8 24. Na4 h5 25. gxh5 Rxh5 26. Kg2 Rah8 27. Rh1 Rh4 28. Rc3
R8h5 29. c5 bxc5 30. Nxc5 Rg5+ 31. Kf2 Rf4+ 32. Ke1 Bc8 33. Na6 Bxa6 34. bxa6
Rh5 35. Ke2 Rh8 36. Rb1 Ra8 37. Bd3 f5 38. Rb7 fxe4 39. Bb5 Rf7 40. Rc6 Kf6 41.
a7 Kg5 42. Rxd6 1-0

[Event "SR 3. liga A2 2008/2009"]
[Site "?"]
[Date "2008.11.16"]
[Round "2.4"]
[White "Bilovsky, Milan"]
[Black "Csefalvay, Stefan"]
[Result "1/2-1/2"]
[WhiteElo "1911"]
[BlackElo "1965"]
[Annotator ",Jozef"]
[PlyCount "90"]
[EventDate "2008.??.??"]

1. c4 c5 2. Nc3 Nc6 3. g3 g6 4. Bg2 Bg7 5. e4 d6 6. d3 Nf6 7. Nge2 O-O 8. O-O
Be6 9. f4 Qc8 10. Nd5 Bg4 11. Ne3 Bxe2 12. Qxe2 Nd4 13. Qd1 e6 14. Bd2 Rb8 15.
Bc3 b5 16. b3 Nd7 17. Rc1 b4 18. Ba1 a5 19. Kh1 Qd8 20. Nc2 Nxc2 21. Rxc2 Bxa1
22. Qxa1 Qf6 23. Qxf6 Nxf6 24. h3 Kg7 25. Rd2 e5 26. g4 Nd7 27. Kh2 a4 28. Kg3
Ra8 29. Bf3 axb3 30. axb3 Ra3 31. Rb1 Rfa8 32. g5 Ra2 33. Rbb2 Rxb2 34. Rxb2
Nb8 35. f5 Ra3 36. f6+ Kf8 37. h4 Nc6 38. h5 Nd4 39. Bd1 Ke8 40. hxg6 fxg6 41.
Rh2 Ra1 42. Bg4 Rg1+ 43. Kh3 Nxb3 44. Rb2 Nd4 45. Ra2 h6 $11 1/2-1/2

[Event "SR 3. liga A2 2008/2009"]
[Site "?"]
[Date "2008.11.16"]
[Round "2.5"]
[White "Vizvari, Ludovit"]
[Black "Jozefovic, Milan"]
[Result "1-0"]
[WhiteElo "2039"]
[BlackElo "1894"]
[PlyCount "137"]
[EventDate "2008.??.??"]

1. d4 d5 2. c4 e6 3. Nc3 Nf6 4. Nf3 Nc6 5. a3 a5 6. Bg5 Be7 7. e3 h6 8. Bh4 Ne4
9. Bxe7 Nxe7 10. Rc1 Nxc3 11. Rxc3 c6 12. Bd3 dxc4 13. Bxc4 Nd5 14. Rc1 O-O 15.
O-O f6 16. Ba2 Kh8 17. Re1 Qb6 18. Qc2 Qd8 19. Bb1 f5 20. Ne5 Qf6 21. Qe2 Ne7
22. f4 Ng6 23. Nd3 Rf7 24. Ba2 Re7 25. Rc3 Bd7 26. Ne5 Nxe5 27. dxe5 Qf7 28.
Rd1 Rc8 29. Rcd3 c5 30. Qd2 Bc6 31. Qxa5 b5 32. Rd8+ Rxd8 33. Rxd8+ Kh7 34. Rd6
Be4 35. Qxb5 Qg6 36. Qe2 Qe8 37. Bc4 Qc8 38. Qd2 g5 39. a4 gxf4 40. exf4 Qg8
41. g3 Qf7 42. Bf1 c4 43. Bxc4 h5 44. Bb5 Bd5 45. b3 h4 46. Bc4 Be4 47. Bd3 Bd5
48. Bc4 Be4 49. Qe3 Qg8 50. Bb5 Qg4 51. Be2 Qh3 52. Bf1 Qg4 53. Bg2 Bxg2 54.
Kxg2 h3+ 55. Kf2 Rc7 56. Qd2 Qg7 57. b4 Qe7 58. b5 Qe8 59. b6 Rc4 60. Rd7+ Kg6
61. b7 Qb8 62. Qa5 Rc2+ 63. Ke3 Qf8 64. Rd6 Rb2 65. Qa8 Rb3+ 66. Kd4 Qe7 67.
b8=Q Rxb8 68. Qxb8 Kh5 69. Ke3 1-0

[Event "SR 3. liga A2 2008/2009"]
[Site "?"]
[Date "2008.11.16"]
[Round "2.6"]
[White "Husek, Lubomir"]
[Black "Szabo, Gabor"]
[Result "1-0"]
[WhiteElo "1738"]
[BlackElo "1902"]
[PlyCount "63"]
[EventDate "2008.??.??"]

1. e4 c5 2. Nf3 d6 3. d4 cxd4 4. Nxd4 Nf6 5. Nc3 a6 6. Be2 Nc6 7. O-O e6 8. Be3
Be7 9. f4 Qc7 10. Qe1 b5 11. a3 Bb7 12. Qg3 g6 13. Rad1 Na5 14. e5 Ne4 15. Nxe4
Bxe4 16. Bf3 Bxf3 17. Qxf3 d5 18. Kh1 Nc4 19. Bc1 Rc8 20. Rd3 Qb6 21. Nb3 Rc6
22. Nd2 O-O 23. Nxc4 Rxc4 24. c3 Rfc8 25. Bd2 a5 26. g4 b4 27. axb4 axb4 28. f5
h5 29. fxg6 fxg6 30. Qf7+ Kh8 31. Qxe7 bxc3 32. Rf8+ 1-0

[Event "SR 3. liga A2 2008/2009"]
[Site "?"]
[Date "2008.11.16"]
[Round "2.7"]
[White "Ivan, Imrich st"]
[Black "Hrubos, Milan"]
[Result "1-0"]
[WhiteElo "1876"]
[BlackElo "1713"]
[PlyCount "141"]
[EventDate "2008.??.??"]

1. e4 c5 2. Nf3 d6 3. d4 cxd4 4. Nxd4 Nf6 5. Nc3 Nc6 6. Bb5 Bd7 7. O-O a6 8.
Bxc6 bxc6 9. Re1 Qc7 10. h3 e6 11. Bg5 Be7 12. Qd3 h6 13. Be3 c5 14. Nf3 O-O
15. Rad1 Bc6 16. Bf4 e5 17. Bh2 Qb7 18. b3 Rac8 19. a4 Qa8 20. Nd2 Qa7 21. Nc4
Rfd8 22. Ne3 Bf8 23. Ncd5 Nxd5 24. exd5 Bd7 25. Nc4 g6 26. g4 f5 27. f3 Kg7 28.
Kg2 f4 29. Bg1 Rb8 30. Bf2 Rb4 31. h4 Be8 32. Qc3 Qc7 33. Re4 Kg8 34. Qd3 g5
35. h5 Bf7 36. Be1 Rxc4 37. Rxc4 a5 38. b4 axb4 39. Bxb4 Be8 40. Be1 Ra8 41. a5
Bb5 42. Qg6+ Qg7 43. Qxg7+ Kxg7 44. Re4 Be7 45. Rb1 Ba6 46. Rb6 Kf8 47. Ra4 Ke8
48. Kf2 Kd7 49. c4 Bd8 50. Rb2 Bc7 51. Ke2 Bc8 52. Kd3 Ke7 53. Ke4 Kf6 54. Ra1
Ba6 55. Kd3 Ke7 56. Rab1 Bc8 57. Bc3 Ba6 58. Rb3 Kd7 59. Rc1 Bc8 60. Ke4 Ke7
61. Rb5 Ra7 62. Kd3 Ba6 63. Ke4 Kf6 64. Bxe5+ dxe5 65. Rxc5 Bb7 66. Rxc7 Bxd5+
67. Kxd5 Rxc7 68. a6 Ra7 69. c5 Rd7+ 70. Kc6 Ra7 71. Kb6 1-0

[Event "SR 3. liga A2 2008/2009"]
[Site "?"]
[Date "2008.11.16"]
[Round "2.8"]
[White "Holly, Milan"]
[Black "Szabo, Julius"]
[Result "1-0"]
[WhiteElo "1799"]
[BlackElo "1761"]
[PlyCount "119"]
[EventDate "2008.??.??"]

1. Nf3 Nf6 2. b3 Nc6 3. Bb2 d6 4. e3 e5 5. d4 e4 6. Nfd2 d5 7. a3 Ne7 8. c4 c6
9. Nc3 Ng6 10. Be2 Bd6 11. O-O O-O 12. cxd5 cxd5 13. Rc1 Bd7 14. b4 a6 15. Qb3
Be6 16. Na4 b6 17. b5 axb5 18. Bxb5 Rb8 19. Rc6 Ng4 20. g3 f5 21. Nc3 Nf6 22.
Na4 Bf7 23. Rfc1 Ne7 24. R6c2 Bh5 25. Nc3 Bg4 26. a4 Rb7 27. Ba6 Ra7 28. Bb5
Bb8 29. Ba3 h6 30. Bxe7 Rxe7 31. Bc6 Kh7 32. Nxd5 Nxd5 33. Qxd5 Qxd5 34. Bxd5
Bh5 35. Rc8 Ree8 36. Rxe8 Rxe8 37. Rc6 Ba7 38. Nc4 Rb8 39. Nd6 Rf8 40. Nxf5
Rxf5 41. Bxe4 Bg6 42. Bxf5 Bxf5 43. Rc7 Bb8 44. Rb7 Bd6 45. Rxb6 Be7 46. Rb5
Bg6 47. f3 Bd8 48. Kf2 Bd3 49. Rb8 Bc7 50. Rb7 Ba5 51. e4 Bd2 52. d5 Ba6 53.
Ra7 Bc8 54. d6 Bc3 55. Kg2 Be6 56. Re7 Bb3 57. d7 Ba5 58. Re8 Bxa4 59. d8=Q
Bxd8 60. Rxd8 1-0

[Event "SR 3. liga A2 2008/2009"]
[Site "?"]
[Date "2008.11.30"]
[Round "3.1"]
[White "Pagerka, Martin"]
[Black "Abel, Peter"]
[Result "0-1"]
[WhiteElo "1998"]
[BlackElo "2176"]
[PlyCount "84"]
[EventDate "2008.??.??"]

1. e4 Nf6 2. e5 Nd5 3. d4 d6 4. Nf3 Bg4 5. Bc4 e6 6. O-O dxe5 7. dxe5 c6 8. b3
Nd7 9. Bxd5 cxd5 10. Bb2 Rc8 11. Nbd2 Bb4 12. h3 Bh5 13. a3 Bc3 14. Bxc3 Rxc3
15. Qe1 Rxc2 16. Nd4 Rc8 17. f4 Qb6 18. Qe3 Bg6 19. Rae1 O-O 20. g4 Be4 21. b4
a5 22. b5 a4 23. Kh2 Nc5 24. f5 Nd3 25. f6 Nxe5 26. fxg7 Rfe8 27. Nxe4 dxe4 28.
Qxe4 Rcd8 29. Rd1 Ng6 30. Qf3 Re7 31. Qf2 Red7 32. Qf6 Qc7+ 33. Kh1 Qe5 34. Qf2
Qxg7 35. Nf5 exf5 36. Rxd7 Rxd7 37. gxf5 Qc3 38. fxg6 Qxh3+ 39. Kg1 hxg6 40.
Qf4 Qxa3 41. Re1 Qc5+ 42. Kh1 Qd5+ 0-1

[Event "SR 3. liga A2 2008/2009"]
[Site "?"]
[Date "2008.11.30"]
[Round "3.2"]
[White "Mihalik, Marek"]
[Black "Hecko, Dusan"]
[Result "1-0"]
[WhiteElo "2098"]
[BlackElo "2160"]
[PlyCount "79"]
[EventDate "2008.??.??"]

1. d4 d6 2. e4 Nf6 3. Nc3 g6 4. Nf3 Bg7 5. h3 O-O 6. Bc4 Nxe4 7. Nxe4 d5 8. Bd3
dxe4 9. Bxe4 Nd7 10. c3 Nf6 11. Bd3 b6 12. O-O Bb7 13. Re1 Rc8 14. Qe2 e6 15.
Bf4 Nd5 16. Bg3 c5 17. dxc5 bxc5 18. Rad1 Qe7 19. Be4 Rfd8 20. Bh4 Bf6 21. Bxf6
Nxf6 22. Bxb7 Qxb7 23. Ne5 Qc7 24. c4 h5 25. a3 a5 26. Rxd8+ Rxd8 27. Qf3 Kg7
28. Qc3 Rd4 29. Nf3 Rf4 30. g3 Rf5 31. g4 hxg4 32. hxg4 Rxf3 33. Qxf3 g5 34.
Kg2 Nd7 35. Qe4 e5 36. Kg1 f6 37. Re3 Nf8 38. Rb3 Kh6 39. Rb7 Qc8 40. Qh1+ 1-0

[Event "SR 3. liga A2 2008/2009"]
[Site "?"]
[Date "2008.11.30"]
[Round "3.3"]
[White "Diviak, Rastislav"]
[Black "Gono, Michal"]
[Result "1/2-1/2"]
[WhiteElo "2022"]
[BlackElo "1854"]
[PlyCount "65"]
[EventDate "2008.??.??"]

1. e4 c6 2. d4 d5 3. Nc3 dxe4 4. Nxe4 Bf5 5. Ng3 Bg6 6. h4 h6 7. Nf3 Nd7 8. h5
Bh7 9. Bd3 Bxd3 10. Qxd3 e6 11. Bd2 Ngf6 12. O-O-O Qc7 13. Ne4 O-O-O 14. g3
Nxe4 15. Qxe4 Nf6 16. Qe2 Bd6 17. c4 c5 18. Bc3 Rhe8 19. dxc5 Bxc5 20. Ne5
Rxd1+ 21. Rxd1 Rd8 22. Rxd8+ Kxd8 23. b4 Bd6 24. Kb2 Bxe5 25. Bxe5 Qd7 26.
Bxf6+ gxf6 27. Qe3 b6 28. Kc3 Qa4 29. Qxh6 Qa3+ 30. Kd4 Qb2+ 31. Ke4 Qe2+ 32.
Qe3 Qxh5 33. Qd4+ $11 1/2-1/2

[Event "SR 3. liga A2 2008/2009"]
[Site "?"]
[Date "2008.11.30"]
[Round "3.4"]
[White "Mihalik, Anton"]
[Black "Cajka, Tibor"]
[Result "1/2-1/2"]
[WhiteElo "1959"]
[BlackElo "1907"]
[PlyCount "84"]
[EventDate "2008.??.??"]

1. e4 c5 2. Nc3 Nc6 3. g3 g6 4. Bg2 Bg7 5. d3 d6 6. Nge2 e6 7. O-O Nge7 8. f4
O-O 9. Be3 Nd4 10. Rb1 Rb8 11. Qd2 b5 12. a3 Bd7 13. Nd1 a5 14. c3 Nxe2+ 15.
Qxe2 b4 16. axb4 cxb4 17. Qd2 Qc7 18. d4 Bb5 19. Re1 b3 20. Nf2 Nc8 21. Bf1
Bxf1 22. Rxf1 Nb6 23. Qd3 Nc4 24. Bc1 d5 25. exd5 exd5 26. Ng4 f6 27. Ne3 Nxe3
28. Bxe3 f5 29. Ra1 Rfe8 30. Bf2 Qb6 31. Rfc1 Re4 32. Re1 Rbe8 33. Rxe4 fxe4
34. Qe2 Ra8 35. Be3 a4 36. Bc1 Bf8 37. Kf2 Qc6 38. Qd2 Rc8 39. Qe1 Qb5 40. Qe2
Qa5 41. Qd1 Rc4 42. Qxb3 a3 1/2-1/2

[Event "SR 3. liga A2 2008/2009"]
[Site "?"]
[Date "2008.11.30"]
[Round "3.5"]
[White "Hanzluvka, Peter"]
[Black "Curidlo, Jan"]
[Result "0-1"]
[WhiteElo "2038"]
[BlackElo "1979"]
[PlyCount "56"]
[EventDate "2008.??.??"]

1. e4 c5 2. Nc3 e6 3. f4 Nc6 4. Nf3 a6 5. a3 d6 6. Bc4 Be7 7. O-O Qc7 8. d3 Nf6
9. Qe1 O-O 10. Qg3 Nh5 11. Qe1 g6 12. Ne2 Bf6 13. Ng3 Nxg3 14. Qxg3 b5 15. Ba2
Nd4 16. Nxd4 Bxd4+ 17. Kh1 Bg7 18. c3 Qe7 19. Bd2 Kh8 20. Rae1 Bf6 21. Re3 e5
22. fxe5 Bxe5 23. Qf2 Be6 24. Bd5 Rac8 25. Rf3 Bxd5 26. exd5 Bg7 27. Rxf7 Rxf7
28. Qxf7 Rf8 0-1

[Event "SR 3. liga A2 2008/2009"]
[Site "?"]
[Date "2008.11.30"]
[Round "3.6"]
[White "Bincik, Pavol"]
[Black "Pagerka, Slavomir"]
[Result "1-0"]
[WhiteElo "1890"]
[BlackElo "1848"]
[PlyCount "138"]
[EventDate "2008.??.??"]

1. d4 e6 2. c4 d5 3. Nc3 Nf6 4. Bg5 Be7 5. Nf3 c6 6. e3 Nbd7 7. cxd5 Nxd5 8.
Bxe7 Qxe7 9. Bd3 Nxc3 10. bxc3 b6 11. O-O O-O 12. Qa4 Bb7 13. Rac1 c5 14. Qc2
h6 15. Be4 Bxe4 16. Qxe4 Rab8 17. a4 Rfc8 18. Rfd1 Rc7 19. h3 Rbc8 20. Qb1 cxd4
21. cxd4 Qd6 22. Qb2 Rc4 23. Nd2 R4c6 24. Nf3 $11 Qd5 25. Rxc6 Qxc6 26. Qb5 Qc2
27. Rf1 Qc7 28. Ne1 Qc6 29. Nd3 Qxb5 30. axb5 Rc3 31. Nb4 Rb3 32. Nc6 Rxb5 33.
Nxa7 Rb2 34. Rc1 Nf6 35. Rc8+ Kh7 36. Nc6 Rb1+ 37. Kh2 Ne4 38. f3 Nd2 39. e4 b5
40. Rb8 Nf1+ 41. Kg1 Ne3+ 42. Kf2 Nc4 43. Ke2 f5 44. Kd3 fxe4+ 45. fxe4 Rb3+
46. Kc2 Rb2+ 47. Kc3 Rxg2 48. Rxb5 Nd6 49. Re5 Rg3+ 50. Kb4 Re3 51. Rxe6 Nxe4
52. d5 Re1 53. Kc4 Rc1+ 54. Kd4 Ng5 55. Re3 Ra1 56. d6 Rd1+ 57. Kc5 Nf7 58. Re6
Nxd6 59. Rxd6 Rxd6 60. Kxd6 Kg6 61. Ne5+ Kg5 62. Nf3+ Kf4 63. Ng1 Kg3 64. Ke6
Kg2 65. Kf7 Kxg1 66. Kxg7 Kg2 67. h4 Kg3 68. h5 Kg4 69. Kxh6 Kf5 1-0

[Event "SR 3. liga A2 2008/2009"]
[Site "?"]
[Date "2008.11.30"]
[Round "3.7"]
[White "Skapik, Branislav"]
[Black "Slaby, Jozef"]
[Result "0-1"]
[WhiteElo "1823"]
[BlackElo "1930"]
[PlyCount "82"]
[EventDate "2008.??.??"]

1. e4 e6 2. d4 d5 3. Nd2 Nf6 4. e5 Nfd7 5. Ngf3 c5 6. Nb3 cxd4 7. Nbxd4 a6 8.
c3 Be7 9. Bd3 Qc7 10. Bf4 Nc6 11. Qe2 Nc5 12. Bc2 Qb6 13. Rb1 Nd7 14. O-O h6
15. Nxc6 bxc6 16. Be3 Qc7 17. Bf4 a5 18. Nd4 Nc5 19. Rfe1 Ba6 20. Qg4 g5 21.
Bg3 h5 22. Qf3 h4 23. b4 axb4 24. cxb4 Nd7 25. Ba4 Bb7 26. Bc2 hxg3 27. fxg3
Nxe5 28. Qe2 Bd6 29. b5 c5 30. b6 Qe7 31. Nb5 Nc4 32. Na7 Qf6 33. Ba4+ Kf8 34.
Bc6 Rb8 35. Bxb7 Rxb7 36. Nc6 Kg7 37. Rf1 Qc3 38. Rb3 Qd2 39. Qg4 Ne5 40. Qd1
Qxd1 41. Rxd1 Nxc6 0-1

[Event "SR 3. liga A2 2008/2009"]
[Site "?"]
[Date "2008.11.30"]
[Round "3.8"]
[White "Gubis, Vladimir"]
[Black "Nemeckay, Rastislav"]
[Result "1/2-1/2"]
[WhiteElo "1755"]
[BlackElo "1749"]
[PlyCount "51"]
[EventDate "2008.??.??"]

1. d4 d5 2. c4 c6 3. cxd5 cxd5 4. Bf4 Bf5 5. Nc3 Nc6 6. e3 e6 7. Bd3 Bxd3 8.
Qxd3 Bd6 9. Bxd6 Qxd6 10. Nf3 Nf6 11. O-O O-O 12. Rac1 Rfc8 13. Rfd1 Ne7 14. g3
Ng6 15. e4 dxe4 16. Nxe4 Nxe4 17. Qxe4 Qd7 18. Ne5 Nxe5 19. dxe5 Rxc1 20. Rxc1
Rc8 $11 21. Qe3 Rxc1+ 22. Qxc1 h6 23. Qc3 b6 24. b3 Qd1+ 25. Kg2 Kf8 26. Qf3
$11 1/2-1/2

[Event "SR 3. liga A2 2008/2009"]
[Site "?"]
[Date "2008.11.30"]
[Round "3.1"]
[White "Kapusta, Petr"]
[Black "Kovacocy, Pavel"]
[Result "1/2-1/2"]
[WhiteElo "2084"]
[BlackElo "2232"]
[PlyCount "85"]
[EventDate "2008.??.??"]

1. e4 c5 2. Nf3 Nc6 3. d4 cxd4 4. Nxd4 g6 5. c4 Bg7 6. Be3 Nf6 7. Nc3 d6 8. f3
O-O 9. Be2 Bd7 10. O-O Nxd4 11. Bxd4 a5 12. Nd5 Nxd5 13. cxd5 Bxd4+ 14. Qxd4 b5
15. f4 Qb8 16. Rac1 Qa7 17. Qxa7 Rxa7 18. Rc2 Rb8 19. Rfc1 b4 20. Rc7 Rbb7 21.
Rxb7 Rxb7 22. Kf2 Kf8 23. Ke3 Ke8 24. Kd4 Kd8 25. h3 Rc7 26. Rxc7 Kxc7 27. g4
Kb6 28. e5 f6 29. h4 h6 30. e6 Bb5 31. Bxb5 Kxb5 32. g5 hxg5 33. f5 gxh4 34.
fxg6 h3 35. g7 h2 36. g8=Q h1=Q 37. Qb8+ Ka6 38. Qa8+ Kb6 39. Qc6+ Ka7 40. Qc7+
Ka6 41. Qc8+ Kb6 42. Qd8+ Ka6 43. Qa8+ 1/2-1/2

[Event "SR 3. liga A2 2008/2009"]
[Site "?"]
[Date "2008.11.30"]
[Round "3.2"]
[White "Cechovic, Stefan"]
[Black "Kubis, Ivan"]
[Result "1-0"]
[WhiteElo "2186"]
[BlackElo "2042"]
[PlyCount "35"]
[EventDate "2008.??.??"]

1. Nf3 Nf6 2. d4 e6 3. g3 b6 4. Bg2 Bb7 5. O-O Be7 6. c4 c5 7. d5 d6 8. dxe6
fxe6 9. Bh3 Bc8 10. Ng5 Ng4 11. Bxg4 Bxg5 12. Bxg5 Qxg5 13. Bf3 d5 14. cxd5 Bb7
15. Qa4+ Kf8 16. dxe6 Bxf3 17. exf3 h5 18. Qe4 1-0

[Event "SR 3. liga A2 2008/2009"]
[Site "?"]
[Date "2008.11.30"]
[Round "3.3"]
[White "Londin, Martin"]
[Black "Liptak, Tomas"]
[Result "1/2-1/2"]
[WhiteElo "1996"]
[BlackElo "2021"]
[PlyCount "62"]
[EventDate "2008.??.??"]

1. e4 c5 2. Nf3 d6 3. h3 e5 4. c3 Nf6 5. Bc4 Nxe4 6. Qa4+ Bd7 7. Bxf7+ Kxf7 8.
Qxe4 Bc6 9. Qg4 Qf6 10. Ng5+ Kg8 11. d3 Nd7 12. Nd2 Qg6 13. Ndf3 h6 14. Nh4 Qe8
15. Ne4 d5 16. Ng3 Nf6 17. Qg6 e4 18. dxe4 Nxe4 19. Nxe4 Qxe4+ 20. Qxe4 dxe4
21. Ng6 Rh7 22. Nxf8 Kxf8 23. Be3 b6 24. c4 Rh8 25. Rd1 Ke7 26. Ke2 Rhd8 27. g3
Be8 28. Rxd8 Rxd8 29. Rd1 Bh5+ 30. g4 Rxd1 31. Kxd1 Bf7 1/2-1/2

[Event "SR 3. liga A2 2008/2009"]
[Site "?"]
[Date "2008.11.30"]
[Round "3.4"]
[White "Liptak, Dusan"]
[Black "Vepy, Ivan"]
[Result "1/2-1/2"]
[WhiteElo "1927"]
[BlackElo "1941"]
[PlyCount "77"]
[EventDate "2008.??.??"]

1. d4 Nf6 2. c4 e6 3. Nf3 d5 4. Nc3 Be7 5. Bf4 O-O 6. e3 b6 7. cxd5 Nxd5 8. Bg3
Bb7 9. Rc1 Nxc3 10. bxc3 Nd7 11. Bd3 c5 12. O-O Rc8 13. Qe2 Nf6 14. e4 Nh5 15.
Rcd1 Nxg3 16. fxg3 cxd4 17. cxd4 Bf6 18. Bb1 Qd7 19. e5 Be7 20. Qd3 g6 21. h4
Bd5 22. Qd2 Kg7 23. h5 Bxf3 24. gxf3 Rfd8 25. Rfe1 Rc4 26. Re4 Bc5 27. hxg6
hxg6 28. Rh4 Rh8 29. dxc5 Qxd2 30. Rxd2 Rhxh4 31. gxh4 Rc1+ 32. Kf2 Rxb1 33.
cxb6 Rxb6 34. Kg3 a5 35. Rd4 Rb2 36. Ra4 Rb5 37. Re4 Rb2 38. Ra4 Rb5 39. Re4
1/2-1/2

[Event "SR 3. liga A2 2008/2009"]
[Site "?"]
[Date "2008.11.30"]
[Round "3.5"]
[White "Vogl, Zdenek"]
[Black "Skapikova, Lubica"]
[Result "1-0"]
[WhiteElo "1885"]
[BlackElo "1958"]
[PlyCount "113"]
[EventDate "2008.??.??"]

1. e4 e5 2. Nf3 Nc6 3. Bb5 a6 4. Ba4 Nf6 5. Nc3 d6 6. O-O b5 7. Bb3 Be7 8. d3
O-O 9. h3 Na5 10. Bg5 Nxb3 11. axb3 Bb7 12. Bxf6 Bxf6 13. Nd5 Bxd5 14. exd5 g6
15. Nd2 Bg7 16. c4 f5 17. Qc2 b4 18. Ra4 a5 19. Rfa1 c6 20. dxc6 Qb6 21. R4a2
Qc5 22. Qd1 Bh6 23. Qe2 Rfc8 24. Nf1 Rxc6 25. Ne3 Bxe3 26. Qxe3 Rca6 27. Kf1
Kg7 28. Ke2 h6 29. Qf3 e4 30. Qe3 exd3+ 31. Kxd3 Kf6 32. Re1 Qxe3+ 33. Rxe3 a4
34. bxa4 Rxa4 35. Rxa4 Rxa4 36. Kd4 Ra1 37. Rb3 Rd1+ 38. Ke3 Ke5 39. Rxb4 f4+
40. Ke2 Rd4 41. Rb5+ Ke6 42. b3 g5 43. f3 Kf6 44. Rb8 Kg6 45. Re8 Kf5 46. Re7
h5 47. Re8 g4 48. Rf8+ Ke5 49. Rg8 gxh3 50. gxh3 Kf6 51. Re8 Kf5 52. h4 Kf6 53.
Re4 Rxe4+ 54. fxe4 Ke5 55. Kf3 Kd4 56. Kxf4 Kc3 57. e5 1-0

[Event "SR 3. liga A2 2008/2009"]
[Site "?"]
[Date "2008.11.30"]
[Round "3.6"]
[White "Vlkovic, Pavol"]
[Black "Vach, Jozef"]
[Result "1-0"]
[WhiteElo "1934"]
[BlackElo "1917"]
[PlyCount "149"]
[EventDate "2008.??.??"]

1. e4 e5 2. Nf3 Nc6 3. Bc4 d6 4. h3 Na5 5. Bb3 Nxb3 6. axb3 Nf6 7. d3 h6 8. O-O
Be7 9. Re1 c5 10. Nbd2 Be6 11. Nf1 Qc7 12. Ne3 O-O 13. Bd2 a6 14. c4 Rac8 15.
b4 Rfe8 16. bxc5 dxc5 17. Bc3 Bd6 18. Qc2 g6 19. Nd5 Nxd5 20. exd5 Bd7 21. Qd2
Kh7 22. Re4 f6 23. h4 Bf8 24. g4 Bg7 25. Kg2 f5 26. gxf5 gxf5 27. Ree1 Bf6 28.
Rh1 f4 29. Rae1 Rg8+ 30. Kf1 Rce8 31. Qe2 Qc8 32. Rc1 Bh3+ 33. Ke1 Bf5 34. Kd2
Qd8 35. Nxe5 Qd6 36. Rce1 Re7 37. Qh5 Bg6 38. Nxg6 Bxc3+ 39. bxc3 Rxe1 40. Rxe1
Qxg6 41. Re7+ Rg7 42. Qe5 Kg8 43. d6 Qg2 44. Re8+ Kh7 45. Qf5+ Qg6 46. Qe4 Rf7
47. Re7 Kg7 48. Qxb7 Qf6 49. Rxf7+ Qxf7 50. Qxa6 f3 51. Qc6 Qf4+ 52. Kc2 Qxh4
53. Qxf3 Qd8 54. Qg4+ Kf7 55. Qf5+ Qf6 56. Qh7+ Ke8 57. Qg8+ Kd7 58. Qg3 h5 59.
f3 h4 60. Qg4+ Kxd6 61. Qh5 Kc6 62. Qd5+ Kc7 63. Qh5 Kc6 64. Kb3 Kb6 65. d4
cxd4 66. Qb5+ Kc7 67. Qc5+ Qc6 68. Qe7+ Kb6 69. Qxh4 Qxf3 70. Qxd4+ Ka6 71.
Qd6+ Ka7 72. Qc7+ Ka6 73. c5 Qd5+ 74. Kc2 Qd3+ 75. Kxd3 1-0